| 000 | 00640nam a2200229Ia 4500 | ||
|---|---|---|---|
| 003 | OSt | ||
| 005 | 20220926024733.0 | ||
| 006 | a|||||r|||| 00| 0 | ||
| 007 | ta | ||
| 008 | 220923b |||||||| |||| 00| 0 eng d | ||
| 037 | _cGeneral Book | ||
| 040 |
_aRTL _cRTL _beng |
||
| 041 |
_2eng _aeng |
||
| 082 | _aX:95:(Z3), L6 | ||
| 100 |
_aFreeland M R _9331385 |
||
| 245 | 0 | _aContract of employment | |
| 260 |
_aOxford _bClarendon press _c1976 |
||
| 300 |
_axiii, 398p. Bib p 385-90 _ccm. |
||
| 650 |
_aEmployment and service _9236902 |
||
| 942 |
_hX:95:(Z3), L6 _cGB _2CC |
||
| 999 |
_c645365 _d645365 |
||